<?xml version="1.0" encoding="UTF-8"?>
<record
    xmlns:xsi="http://www.w3.org/2001/XMLSchema-instance"
    xsi:schemaLocation="http://www.loc.gov/MARC21/slim http://www.loc.gov/standards/marcxml/schema/MARC21slim.xsd"
    xmlns="http://www.loc.gov/MARC21/slim">

  <leader>00923nam a22001577a 4500</leader>
  <controlfield tag="003">OSt</controlfield>
  <controlfield tag="005">20151204105947.0</controlfield>
  <controlfield tag="008">151204b        xxu||||| |||| 00| 0 eng d</controlfield>
  <datafield tag="040" ind1=" " ind2=" ">
    <subfield code="c">RUA</subfield>
  </datafield>
  <datafield tag="082" ind1=" " ind2=" ">
    <subfield code="a">FIS LIM 2004 B176 Or.1</subfield>
  </datafield>
  <datafield tag="100" ind1=" " ind2=" ">
    <subfield code="9">4265</subfield>
    <subfield code="a">LIM, NGUONKRUY.</subfield>
  </datafield>
  <datafield tag="245" ind1=" " ind2=" ">
    <subfield code="a">the study on real location of fishing lot boundary by using remote sensing and gis: case study of fishing lot no. 3 in kampong chhnang province (&#x1780;&#x17B6;&#x179A;&#x179F;&#x17B7;&#x1780;&#x17D2;&#x179F;&#x17B6;&#x1796;&#x17B8;&#x1791;&#x17B8;&#x178F;&#x17B6;&#x17C6;&#x1784;&#x1796;&#x17B7;&#x178F;&#x1794;&#x17D2;&#x179A;&#x17B6;&#x1780;&#x178A;&#x1793;&#x17BC;&#x179C;&#x1796;&#x17D2;&#x179A;&#x17C6;&#x1794;&#x17D2;&#x179A;&#x1791;&#x179B;&#x17CB;&#x17A1;&#x17BC;&#x178F;&#x17CD;&#x1793;&#x17C1;&#x179F;&#x17B6;&#x1791; &#x178A;&#x17C4;&#x1799;&#x1794;&#x17D2;&#x179A;&#x17BE; remote sensing &#x1793;&#x17B7;&#x1784; &#x1794;&#x17D2;&#x179A;&#x1796;&#x17D0;&#x1793;&#x17D2;&#x1791;&#x1796;&#x17D0;&#x178F;&#x1798;&#x17B6;&#x1793; &#x1797;&#x17BC;&#x1798;&#x17B7;&#x179F;&#x17B6;&#x179F;&#x17D2;&#x179A;&#x17D2;&#x178F; (gis) &#x179B;&#x17BE;&#x1780;&#x1799;&#x1780;&#x17A1;&#x17BC;&#x17BC;&#x178F;&#x17CD;&#x1793;&#x17C1;&#x179F;&#x17B6;&#x1791; &#x17E0;&#x17E3; &#x1780;&#x17D2;&#x1793;&#x17BB;&#x1784;&#x1781;&#x17C1;&#x178F;&#x17D2;&#x178F;&#x1780;&#x17C6;&#x1796;&#x1784;&#x17CB;&#x1786;&#x17D2;&#x1793;&#x17B6;&#x17C6;&#x1784;&#x1798;&#x1780;&#x179F;&#x17B7;&#x1780;&#x17D2;&#x179F;&#x17B6;)</subfield>
  </datafield>
  <datafield tag="260" ind1=" " ind2=" ">
    <subfield code="a">Phnom Penh</subfield>
    <subfield code="b">RUA</subfield>
    <subfield code="c">2004</subfield>
  </datafield>
  <datafield tag="300" ind1=" " ind2=" ">
    <subfield code="a">41p.</subfield>
    <subfield code="b">ill.</subfield>
    <subfield code="c">29cm.</subfield>
  </datafield>
  <datafield tag="942" ind1=" " ind2=" ">
    <subfield code="2">ddc</subfield>
    <subfield code="c">FIS</subfield>
  </datafield>
  <datafield tag="999" ind1=" " ind2=" ">
    <subfield code="c">3980</subfield>
    <subfield code="d">3980</subfield>
  </datafield>
  <datafield tag="952" ind1=" " ind2=" ">
    <subfield code="0">0</subfield>
    <subfield code="1">0</subfield>
    <subfield code="2">ddc</subfield>
    <subfield code="4">0</subfield>
    <subfield code="6">FIS_LIM_2004_000000000000000_B176_OR_1</subfield>
    <subfield code="7">0</subfield>
    <subfield code="9">20112</subfield>
    <subfield code="a">LBB</subfield>
    <subfield code="b">LBB</subfield>
    <subfield code="c">B176</subfield>
    <subfield code="d">2015-12-04</subfield>
    <subfield code="l">1</subfield>
    <subfield code="o">FIS LIM 2004 B176 Or.1</subfield>
    <subfield code="p">RUA026536</subfield>
    <subfield code="r">2019-06-26</subfield>
    <subfield code="s">2017-02-15</subfield>
    <subfield code="w">2015-12-04</subfield>
    <subfield code="y">FIS</subfield>
  </datafield>
  <datafield tag="952" ind1=" " ind2=" ">
    <subfield code="0">0</subfield>
    <subfield code="1">0</subfield>
    <subfield code="2">ddc</subfield>
    <subfield code="4">0</subfield>
    <subfield code="6">FIS_LIM_2004_000000000000000_B176_OR_2</subfield>
    <subfield code="7">0</subfield>
    <subfield code="9">20113</subfield>
    <subfield code="a">LBB</subfield>
    <subfield code="b">LBB</subfield>
    <subfield code="c">B176</subfield>
    <subfield code="d">2015-12-04</subfield>
    <subfield code="l">1</subfield>
    <subfield code="o">FIS LIM 2004 B176 Or.2</subfield>
    <subfield code="p">RUA026608</subfield>
    <subfield code="r">2019-01-11</subfield>
    <subfield code="s">2018-12-31</subfield>
    <subfield code="w">2015-12-04</subfield>
    <subfield code="y">FIS</subfield>
  </datafield>
  <datafield tag="952" ind1=" " ind2=" ">
    <subfield code="0">0</subfield>
    <subfield code="1">0</subfield>
    <subfield code="2">ddc</subfield>
    <subfield code="4">0</subfield>
    <subfield code="6">FIS_LIM_2004_000000000000000_B176_OR_3</subfield>
    <subfield code="7">0</subfield>
    <subfield code="9">20114</subfield>
    <subfield code="a">LBB</subfield>
    <subfield code="b">LBB</subfield>
    <subfield code="c">B176</subfield>
    <subfield code="d">2015-12-04</subfield>
    <subfield code="o">FIS LIM 2004 B176 Or.3</subfield>
    <subfield code="p">RUA026968</subfield>
    <subfield code="r">2015-12-04</subfield>
    <subfield code="w">2015-12-04</subfield>
    <subfield code="y">FIS</subfield>
  </datafield>
  <datafield tag="952" ind1=" " ind2=" ">
    <subfield code="0">0</subfield>
    <subfield code="1">0</subfield>
    <subfield code="2">ddc</subfield>
    <subfield code="4">0</subfield>
    <subfield code="6">FIS_LIM_2004_000000000000000_B176_OR_4</subfield>
    <subfield code="7">0</subfield>
    <subfield code="9">20115</subfield>
    <subfield code="a">LBB</subfield>
    <subfield code="b">LBB</subfield>
    <subfield code="c">B176</subfield>
    <subfield code="d">2015-12-04</subfield>
    <subfield code="o">FIS LIM 2004 B176 Or.4</subfield>
    <subfield code="p">RUA026896</subfield>
    <subfield code="r">2015-12-04</subfield>
    <subfield code="w">2015-12-04</subfield>
    <subfield code="y">FIS</subfield>
  </datafield>
  <datafield tag="952" ind1=" " ind2=" ">
    <subfield code="0">0</subfield>
    <subfield code="1">0</subfield>
    <subfield code="2">ddc</subfield>
    <subfield code="4">0</subfield>
    <subfield code="6">FIS_LIM_2004_000000000000000_B176_OR_5</subfield>
    <subfield code="7">0</subfield>
    <subfield code="9">20116</subfield>
    <subfield code="a">LBB</subfield>
    <subfield code="b">LBB</subfield>
    <subfield code="c">B176</subfield>
    <subfield code="d">2015-12-04</subfield>
    <subfield code="o">FIS LIM 2004 B176 Or.5</subfield>
    <subfield code="p">RUA026824</subfield>
    <subfield code="r">2015-12-04</subfield>
    <subfield code="w">2015-12-04</subfield>
    <subfield code="y">FIS</subfield>
  </datafield>
  <datafield tag="952" ind1=" " ind2=" ">
    <subfield code="0">0</subfield>
    <subfield code="1">0</subfield>
    <subfield code="2">ddc</subfield>
    <subfield code="4">0</subfield>
    <subfield code="6">FIS_LIM_2004_000000000000000_B176_OR_6</subfield>
    <subfield code="7">0</subfield>
    <subfield code="9">20117</subfield>
    <subfield code="a">LBB</subfield>
    <subfield code="b">LBB</subfield>
    <subfield code="c">B176</subfield>
    <subfield code="d">2015-12-04</subfield>
    <subfield code="o">FIS LIM 2004 B176 Or.6</subfield>
    <subfield code="p">RUA027632</subfield>
    <subfield code="r">2015-12-04</subfield>
    <subfield code="w">2015-12-04</subfield>
    <subfield code="y">FIS</subfield>
  </datafield>
</record>
